<?xml version="1.0" encoding="UTF-8"?>
<record
    xmlns:xsi="http://www.w3.org/2001/XMLSchema-instance"
    xsi:schemaLocation="http://www.loc.gov/MARC21/slim http://www.loc.gov/standards/marcxml/schema/MARC21slim.xsd"
    xmlns="http://www.loc.gov/MARC21/slim">

  <leader>00927nas a2200265 454500</leader>
  <controlfield tag="001">41549</controlfield>
  <controlfield tag="005">20260407193511.0</controlfield>
  <controlfield tag="008">260407s    ####ag###########|||spa#d</controlfield>
  <controlfield tag="003">AR-UNSa-BCEJYS</controlfield>
  <datafield tag="040" ind1=" " ind2=" ">
    <subfield code="a">AR-UNSa-BCEJYS</subfield>
    <subfield code="b">spa</subfield>
    <subfield code="c">AR-UNSa-BCEJYS</subfield>
  </datafield>
  <datafield tag="080" ind1=" " ind2=" ">
    <subfield code="a">330.101</subfield>
    <subfield code="x">Ciencia econ&#xF3;mica en general. La econom&#xED;a y sus problemas. Objeto y m&#xE9;todos de la econom&#xED;a pol&#xED;tica </subfield>
  </datafield>
  <datafield tag="245" ind1="1" ind2="0">
    <subfield code="a">Review of political economy</subfield>
  </datafield>
  <datafield tag="022" ind1=" " ind2=" ">
    <subfield code="a">0953-8259</subfield>
  </datafield>
  <datafield tag="264" ind1=" " ind2="1">
    <subfield code="a">Oxfordshire :</subfield>
    <subfield code="b">Carfax</subfield>
  </datafield>
  <datafield tag="310" ind1=" " ind2=" ">
    <subfield code="a">Frecuencia: Cuatrimestral
Cambia de Director a partir del Vol. 8, N&#xBA; 1 por Steve Pressman</subfield>
  </datafield>
  <datafield tag="041" ind1=" " ind2=" ">
    <subfield code="a">spa</subfield>
  </datafield>
  <datafield tag="942" ind1=" " ind2=" ">
    <subfield code="c">SER</subfield>
  </datafield>
  <datafield tag="590" ind1=" " ind2=" ">
    <subfield code="a">niveau_biblio:s niveau_hierar:1</subfield>
  </datafield>
  <datafield tag="100" ind1="1" ind2=" ">
    <subfield code="a">Mongiovi, Gary</subfield>
  </datafield>
  <datafield tag="700" ind1="1" ind2=" ">
    <subfield code="a">Pheby, John</subfield>
  </datafield>
  <datafield tag="650" ind1=" " ind2=" ">
    <subfield code="a">KEYNESIANISMO</subfield>
  </datafield>
  <datafield tag="650" ind1=" " ind2=" ">
    <subfield code="a">TEORIA ECONOMICA</subfield>
  </datafield>
  <datafield tag="650" ind1=" " ind2=" ">
    <subfield code="a">ECONOMIA POLITICA</subfield>
  </datafield>
  <datafield tag="856" ind1="4" ind2="1">
    <subfield code="u">https://biblioeco.unsa.edu.ar/pmb/images/revistas/R20718.jpg</subfield>
    <subfield code="y">Imagen de portada</subfield>
    <subfield code="q">image/jpeg</subfield>
  </datafield>
  <datafield tag="999" ind1=" " ind2=" ">
    <subfield code="c">8884</subfield>
    <subfield code="d">8884</subfield>
  </datafield>
  <datafield tag="952" ind1=" " ind2=" ">
    <subfield code="0">0</subfield>
    <subfield code="1">0</subfield>
    <subfield code="4">0</subfield>
    <subfield code="7">0</subfield>
    <subfield code="a">BCEJYS</subfield>
    <subfield code="b">BCEJYS</subfield>
    <subfield code="c">13</subfield>
    <subfield code="d">1999-10-01</subfield>
    <subfield code="h">Vol. 11, N&#xBA; 4 - oct. 1999</subfield>
    <subfield code="l">0</subfield>
    <subfield code="o">H330.101 RPE v11.n4</subfield>
    <subfield code="p">R20934</subfield>
    <subfield code="r">2026-04-10 16:10:02</subfield>
    <subfield code="w">2026-04-10</subfield>
    <subfield code="y">RN</subfield>
  </datafield>
  <datafield tag="952" ind1=" " ind2=" ">
    <subfield code="0">0</subfield>
    <subfield code="1">0</subfield>
    <subfield code="4">0</subfield>
    <subfield code="7">0</subfield>
    <subfield code="a">BCEJYS</subfield>
    <subfield code="b">BCEJYS</subfield>
    <subfield code="c">13</subfield>
    <subfield code="d">1999-07-01</subfield>
    <subfield code="h">Vol. 11, N&#xBA; 3 - jul. 1999</subfield>
    <subfield code="l">0</subfield>
    <subfield code="o">H330.101 RPE v11.n3</subfield>
    <subfield code="p">R20933</subfield>
    <subfield code="r">2026-04-10 16:10:02</subfield>
    <subfield code="w">2026-04-10</subfield>
    <subfield code="y">RN</subfield>
  </datafield>
  <datafield tag="952" ind1=" " ind2=" ">
    <subfield code="0">0</subfield>
    <subfield code="1">0</subfield>
    <subfield code="4">0</subfield>
    <subfield code="7">0</subfield>
    <subfield code="a">BCEJYS</subfield>
    <subfield code="b">BCEJYS</subfield>
    <subfield code="c">13</subfield>
    <subfield code="d">1999-04-01</subfield>
    <subfield code="h">Vol. 11, N&#xBA; 2 - abr. 1999</subfield>
    <subfield code="l">0</subfield>
    <subfield code="o">H330.101 RPE v11.n2</subfield>
    <subfield code="p">R20932</subfield>
    <subfield code="r">2026-04-10 16:10:02</subfield>
    <subfield code="w">2026-04-10</subfield>
    <subfield code="y">RN</subfield>
  </datafield>
  <datafield tag="952" ind1=" " ind2=" ">
    <subfield code="0">0</subfield>
    <subfield code="1">0</subfield>
    <subfield code="4">0</subfield>
    <subfield code="7">0</subfield>
    <subfield code="a">BCEJYS</subfield>
    <subfield code="b">BCEJYS</subfield>
    <subfield code="c">13</subfield>
    <subfield code="d">1999-01-01</subfield>
    <subfield code="h">Vol. 11, N&#xBA; 1 - ene. 1999</subfield>
    <subfield code="l">0</subfield>
    <subfield code="o">H330.101 RPE v11.n1</subfield>
    <subfield code="p">R20931</subfield>
    <subfield code="r">2026-04-10 16:10:02</subfield>
    <subfield code="w">2026-04-10</subfield>
    <subfield code="y">RN</subfield>
  </datafield>
  <datafield tag="952" ind1=" " ind2=" ">
    <subfield code="0">0</subfield>
    <subfield code="1">0</subfield>
    <subfield code="4">0</subfield>
    <subfield code="7">0</subfield>
    <subfield code="a">BCEJYS</subfield>
    <subfield code="b">BCEJYS</subfield>
    <subfield code="c">13</subfield>
    <subfield code="d">1998-10-01</subfield>
    <subfield code="h">Vol. 10, N&#xBA; 4 - oct. 1998</subfield>
    <subfield code="l">0</subfield>
    <subfield code="o">H330.101 RPE v10.n4</subfield>
    <subfield code="p">R20930</subfield>
    <subfield code="r">2026-04-10 16:10:02</subfield>
    <subfield code="w">2026-04-10</subfield>
    <subfield code="y">RN</subfield>
  </datafield>
  <datafield tag="952" ind1=" " ind2=" ">
    <subfield code="0">0</subfield>
    <subfield code="1">0</subfield>
    <subfield code="4">0</subfield>
    <subfield code="7">0</subfield>
    <subfield code="a">BCEJYS</subfield>
    <subfield code="b">BCEJYS</subfield>
    <subfield code="c">13</subfield>
    <subfield code="d">1998-07-01</subfield>
    <subfield code="h">Vol. 10, N&#xBA; 3 - jul. 1998</subfield>
    <subfield code="l">0</subfield>
    <subfield code="o">H330.101 RPE v10.n3</subfield>
    <subfield code="p">R20929</subfield>
    <subfield code="r">2026-04-10 16:10:02</subfield>
    <subfield code="w">2026-04-10</subfield>
    <subfield code="y">RN</subfield>
  </datafield>
  <datafield tag="952" ind1=" " ind2=" ">
    <subfield code="0">0</subfield>
    <subfield code="1">0</subfield>
    <subfield code="4">0</subfield>
    <subfield code="7">0</subfield>
    <subfield code="a">BCEJYS</subfield>
    <subfield code="b">BCEJYS</subfield>
    <subfield code="c">13</subfield>
    <subfield code="d">1998-04-01</subfield>
    <subfield code="h">Vol. 10, N&#xBA; 2 - abr. 1998</subfield>
    <subfield code="l">0</subfield>
    <subfield code="o">H330.101 RPE v10.n2</subfield>
    <subfield code="p">R20928</subfield>
    <subfield code="r">2026-04-10 16:10:02</subfield>
    <subfield code="w">2026-04-10</subfield>
    <subfield code="y">RN</subfield>
  </datafield>
  <datafield tag="952" ind1=" " ind2=" ">
    <subfield code="0">0</subfield>
    <subfield code="1">0</subfield>
    <subfield code="4">0</subfield>
    <subfield code="7">0</subfield>
    <subfield code="a">BCEJYS</subfield>
    <subfield code="b">BCEJYS</subfield>
    <subfield code="c">13</subfield>
    <subfield code="d">1997-07-01</subfield>
    <subfield code="h">Vol. 9, N&#xBA; 3 - jul. 1997</subfield>
    <subfield code="l">0</subfield>
    <subfield code="o">H330.101 RPE v9.n3</subfield>
    <subfield code="p">R20927</subfield>
    <subfield code="r">2026-04-10 16:10:02</subfield>
    <subfield code="w">2026-04-10</subfield>
    <subfield code="y">RN</subfield>
  </datafield>
  <datafield tag="952" ind1=" " ind2=" ">
    <subfield code="0">0</subfield>
    <subfield code="1">0</subfield>
    <subfield code="4">0</subfield>
    <subfield code="7">0</subfield>
    <subfield code="a">BCEJYS</subfield>
    <subfield code="b">BCEJYS</subfield>
    <subfield code="c">13</subfield>
    <subfield code="d">1997-04-01</subfield>
    <subfield code="h">Vol. 9, N&#xBA; 2 - abr. 1997</subfield>
    <subfield code="l">0</subfield>
    <subfield code="o">H330.101 RPE v9.n2</subfield>
    <subfield code="p">R20926</subfield>
    <subfield code="r">2026-04-10 16:10:02</subfield>
    <subfield code="w">2026-04-10</subfield>
    <subfield code="y">RN</subfield>
  </datafield>
  <datafield tag="952" ind1=" " ind2=" ">
    <subfield code="0">0</subfield>
    <subfield code="1">0</subfield>
    <subfield code="4">0</subfield>
    <subfield code="7">0</subfield>
    <subfield code="a">BCEJYS</subfield>
    <subfield code="b">BCEJYS</subfield>
    <subfield code="c">13</subfield>
    <subfield code="d">1997-01-01</subfield>
    <subfield code="h">Vol. 9, N&#xBA; 1 - ene. 1997</subfield>
    <subfield code="l">0</subfield>
    <subfield code="o">H330.101 RPE v9.n1</subfield>
    <subfield code="p">R20925</subfield>
    <subfield code="r">2026-04-10 16:10:02</subfield>
    <subfield code="w">2026-04-10</subfield>
    <subfield code="y">RN</subfield>
  </datafield>
  <datafield tag="952" ind1=" " ind2=" ">
    <subfield code="0">0</subfield>
    <subfield code="1">0</subfield>
    <subfield code="4">0</subfield>
    <subfield code="7">0</subfield>
    <subfield code="a">BCEJYS</subfield>
    <subfield code="b">BCEJYS</subfield>
    <subfield code="c">17</subfield>
    <subfield code="d">1996-10-01</subfield>
    <subfield code="h">Vol. 8, N&#xBA; 4 - oct. 1996</subfield>
    <subfield code="l">0</subfield>
    <subfield code="o">H330.101 RPE v8.n4</subfield>
    <subfield code="p">R20718</subfield>
    <subfield code="r">2026-04-10 16:10:02</subfield>
    <subfield code="w">2026-04-10</subfield>
    <subfield code="y">RN</subfield>
  </datafield>
  <datafield tag="952" ind1=" " ind2=" ">
    <subfield code="0">0</subfield>
    <subfield code="1">0</subfield>
    <subfield code="4">0</subfield>
    <subfield code="7">0</subfield>
    <subfield code="a">BCEJYS</subfield>
    <subfield code="b">BCEJYS</subfield>
    <subfield code="c">13</subfield>
    <subfield code="d">1996-07-01</subfield>
    <subfield code="h">Vol. 8, N&#xBA; 3 - jul. 1996</subfield>
    <subfield code="l">0</subfield>
    <subfield code="o">H330.101 RPE v8.n3</subfield>
    <subfield code="p">R20924</subfield>
    <subfield code="r">2026-04-10 16:10:02</subfield>
    <subfield code="w">2026-04-10</subfield>
    <subfield code="y">RN</subfield>
  </datafield>
  <datafield tag="952" ind1=" " ind2=" ">
    <subfield code="0">0</subfield>
    <subfield code="1">0</subfield>
    <subfield code="4">0</subfield>
    <subfield code="7">0</subfield>
    <subfield code="a">BCEJYS</subfield>
    <subfield code="b">BCEJYS</subfield>
    <subfield code="c">13</subfield>
    <subfield code="d">1996-04-01</subfield>
    <subfield code="h">Vol. 8, N&#xBA; 2 - abr. 1996</subfield>
    <subfield code="l">0</subfield>
    <subfield code="o">H330.101 RPE v8.n2</subfield>
    <subfield code="p">R20923</subfield>
    <subfield code="r">2026-04-10 16:10:02</subfield>
    <subfield code="w">2026-04-10</subfield>
    <subfield code="y">RN</subfield>
  </datafield>
  <datafield tag="952" ind1=" " ind2=" ">
    <subfield code="0">0</subfield>
    <subfield code="1">0</subfield>
    <subfield code="4">0</subfield>
    <subfield code="7">0</subfield>
    <subfield code="a">BCEJYS</subfield>
    <subfield code="b">BCEJYS</subfield>
    <subfield code="c">13</subfield>
    <subfield code="d">1996-01-01</subfield>
    <subfield code="h">Vol. 8, N&#xBA; 1 - ene. 1996</subfield>
    <subfield code="l">0</subfield>
    <subfield code="o">H330.101 RPE v8.n1</subfield>
    <subfield code="p">R20922</subfield>
    <subfield code="r">2026-04-10 16:10:02</subfield>
    <subfield code="w">2026-04-10</subfield>
    <subfield code="y">RN</subfield>
  </datafield>
  <datafield tag="952" ind1=" " ind2=" ">
    <subfield code="0">0</subfield>
    <subfield code="1">0</subfield>
    <subfield code="4">0</subfield>
    <subfield code="7">0</subfield>
    <subfield code="a">BCEJYS</subfield>
    <subfield code="b">BCEJYS</subfield>
    <subfield code="c">13</subfield>
    <subfield code="d">1995-10-01</subfield>
    <subfield code="h">Vol. 7, N&#xBA; 4 - oct. 1995</subfield>
    <subfield code="l">0</subfield>
    <subfield code="o">H330.101 RPE v7.n4</subfield>
    <subfield code="p">R20921</subfield>
    <subfield code="r">2026-04-10 16:10:02</subfield>
    <subfield code="w">2026-04-10</subfield>
    <subfield code="y">RN</subfield>
  </datafield>
  <datafield tag="952" ind1=" " ind2=" ">
    <subfield code="0">0</subfield>
    <subfield code="1">0</subfield>
    <subfield code="4">0</subfield>
    <subfield code="7">0</subfield>
    <subfield code="a">BCEJYS</subfield>
    <subfield code="b">BCEJYS</subfield>
    <subfield code="c">13</subfield>
    <subfield code="d">1995-07-01</subfield>
    <subfield code="h">Vol. 7, N&#xBA; 3 - jul. 1995</subfield>
    <subfield code="l">0</subfield>
    <subfield code="o">H330.101 RPE v7.n3</subfield>
    <subfield code="p">R20920</subfield>
    <subfield code="r">2026-04-10 16:10:02</subfield>
    <subfield code="w">2026-04-10</subfield>
    <subfield code="y">RN</subfield>
  </datafield>
  <datafield tag="952" ind1=" " ind2=" ">
    <subfield code="0">0</subfield>
    <subfield code="1">0</subfield>
    <subfield code="4">0</subfield>
    <subfield code="7">0</subfield>
    <subfield code="a">BCEJYS</subfield>
    <subfield code="b">BCEJYS</subfield>
    <subfield code="c">13</subfield>
    <subfield code="d">1995-04-01</subfield>
    <subfield code="h">Vol. 7, N&#xBA; 2 - abr. 1995</subfield>
    <subfield code="l">0</subfield>
    <subfield code="o">H330.101 RPE v7.n2</subfield>
    <subfield code="p">R20919</subfield>
    <subfield code="r">2026-04-10 16:10:02</subfield>
    <subfield code="w">2026-04-10</subfield>
    <subfield code="y">RN</subfield>
  </datafield>
  <datafield tag="952" ind1=" " ind2=" ">
    <subfield code="0">0</subfield>
    <subfield code="1">0</subfield>
    <subfield code="4">0</subfield>
    <subfield code="7">0</subfield>
    <subfield code="a">BCEJYS</subfield>
    <subfield code="b">BCEJYS</subfield>
    <subfield code="c">13</subfield>
    <subfield code="d">1995-01-01</subfield>
    <subfield code="h">Vol. 7, N&#xBA; 1 - ene. 1995</subfield>
    <subfield code="l">0</subfield>
    <subfield code="o">H330.101 RPE v7.n1</subfield>
    <subfield code="p">R20918</subfield>
    <subfield code="r">2026-04-10 16:10:02</subfield>
    <subfield code="w">2026-04-10</subfield>
    <subfield code="y">RN</subfield>
  </datafield>
</record>
